1986 1047 1586 1263 1974 1140 1830 1835 1698 1519 1164 1027 1459 1044 1005 1293 1890 1776 1655 1608 1219 1208 1250 1813 1178 1512 1303 1473 1558 1205 1882 1555 1840 1247 1369 1122 1602 1637 1373 1802 1782 1895 1854 1847 1885 1975 1551 1538 1860 1885 1639 1818 1337 1093 1904 1262 1208 1770 1524 1473 1669 1174 1978 1609 1497 1066 1501 1377 1339 1549 1365 1929 1968 1635 1314 1899 1556 1201 1786 1370 1304 1418 1321 1644 1265 1903 1003 1204 1529 1462 1948 1826 1434 1038 1839 1502 1846 1949 1716 BCNSPRNW ULIB Ver.6.0+V

เปลี่ยนเป็นภาษาไทย

Change to English
 แสดงรายละเอียดบรรณานุกรม
  กลับหน้าหลัก

Brief Record : Get Marc (ISO 2709) : E-mail record : QR code < ปิดหน้าต่าง
LEADER : 00000nam 2200000uu 4500
001    13399110536
003     ULIB
008    110602s2552||||th 000 0 tha d
020    9741305524
060 04 WQ100^bส881ว 2552
245 00 เวชปฏิบัติทางสูติศาสตร์-นรีเวชวิทยา /^cเยื้อน ตันนิรันดร,สุวิทย์ บุณยะเวชชีวิน, บรรณาธิการ
250    พิมพ์ครั้งที่ 4
260    กรุงเทพฯ :^bภาควิชาสูติศาสตร์-นรีเวชวิทยา คณะแพทยศาสตร์จุฬาลงกรณ์มหาวิทยาลัย,^c2552
300    212 หน้า ;^c20 ซม.
650  7 นรีเวชวิทยา^vคู่มือปฏิบัติการ
650  7 สูติศาสตร์^vคู่มือปฏิบัติการ
700 0  เยื้อน ตันนิรันดร,^eบรรณาธิการ
700 0  สุวิทย์ บุณยะเวชชีวิน,^cบรรณาธิการ
945    ^p0^l0^i028844
945    ^p0^l0^i028842
945    ^p0^l0^i028840
945    ^p0^l0^i008378
945    ^p0^l0^i008376
945    ^p0^l0^i008375
945    ^p0^l0^i008374
945    ^p0^l0^i028845
945    ^p0^l0^i028843
945    ^p0^l0^i028841
945    ^p0^l0^i028839
945    ^p0^l0^i008377
995    ทศพร
999 ^a ใช้งานได้ทุกระบบ
รายการนี้ยังไม่มีแท็ก
คุณยังไม่ได้ล็อกอิน คุณสามารถมีกิจกรรมร่วมกับเว็บไซต์ได้ แต่ต้องล็อกอินก่อน ::
  ล็อกอิน

รายการสื่อสารสนเทศ

ลำดับที่ ประเภท เลขเรียก/บาร์โค้ด สถานที่ สถานะ
- ไม่พบข้อมูล -

BibComment


ยังไม่เคยถูกคอมเมนท์

คอมเมนท์ทรัพยากรรายการนี้
  คอมเมนท์: เวชปฏิบัติทางสูติ..


 Copyright 2026. Bcnsprnw @Library